Szczegóły MARC21

In der Falle : drei Essays /

003 -Nazwa inst., której nr kontr. jest w polu 001 [,]
    • @
    • Nazwa instytucji, której n kontrolny jest w polu 001
    • NUKAT
005 -DATA I CZAS OSTATNIEJ MODYFIKACJI [,]
    • @
    • pole kontrolne
    • 20241231113113.0
020 -Międzynarod. znormalizowany nr książki - ISBN [ , ]
    • a
    • Numer ISBN
    • 9783835306509 Find
040 -Instytucja sporządzająca opis [ , ]
    • a
    • Instytucja, która sporządziła opis (NP)
    • TOR U/KBu
    • b
    • Język katalogowania
    • pol
    • e
    • Zasady katalogowania
    • rda
    • c
    • Instytucja, która sporządziła rekord (NP)
    • TOR U/KBu
    • d
    • Instytucja, która zmodyfikowała rekord (P)
    • TOR U/KBu
    • d
    • Instytucja, która zmodyfikowała rekord (P)
    • SZCZ U/MLs
942 -Rodzaj dokumentu [ , ]
    • c
    • Rodzaj dokumentu
    • Książka
100 -Hasło główne - nazwa osobowa [1, ]
    • a
    • Nazwa osobowa (NP)
    • Müller, Herta
    • d
    • Daty biograficzne (NP)
    • (1953- ).
    • e
    • Rodzaj współpracy
    • Autor
    • 9
    • KHW
    • 245465
245 -Strefa tytułu i oznaczenia odpowiedzialności [1,0]
    • a
    • Tytuł
    • In der Falle : Find
    • b
    • Ciąg dalszy tytułu (NP)
    • drei Essays / Find
    • c
    • Pozostałe elementy strefy tytułu i oznaczenia odpowiedzialności (NP)
    • Herta Müller.
250 -Strefa wydania [ , ]
    • a
    • Oznaczenie wydania (NP)
    • 2. Auflage.
260 -Strefa adresu wydawniczego [ , ]
    • a
    • Miejsce wydania (P)
    • Göttingen :
    • b
    • Nazwa wydawcy (P)
    • Wallstein Verlag,
    • c
    • Data wydania (P)
    • 2009.
300 -Strefa opisu fizycznego [ , ]
    • a
    • Określenie formy książki i/lub objętość (NP)
    • 60, [2] strony ;
    • c
    • Format (NP)
    • 21 cm.
336 -Typ zawartości [ , ]
    • a
    • Termin opisujący typ zawartości
    • Tekst
    • b
    • Kod określający zawartość
    • txt
    • 2
    • Źródło (terminu i kodu)
    • rdacontent
337 -Typ mediów [ , ]
    • a
    • Tryb odtwarzania
    • Bez urządzenia pośredniczącego
    • b
    • Kod typu mediów
    • n
    • 2
    • Źródło (terminu i kodu)
    • rdamedia
338 -Typ/rodzaj nośnika [ , ]
    • a
    • Hasło opisujące typ nośnika
    • Wolumin
    • b
    • Kod typu nośnika
    • nc
    • 2
    • Źródło (terminu i kodu)
    • rdacarrier
490 -Strefa serii i książki wielotomowej - forma nie do wyszukiwania [1, ]
    • a
    • Tytuł (P)
    • Politik, Sprache, Poesie : Bonner Poetik-Vorlesung ; Find
    • v
    • Numeracja (P)
    • Bd. 2
830 -Hasło dodatkowe serii i opisu książki wielotomowej - tytuł ujednolicony/tytuł [ ,0]
    • a
    • Tytuł ujednolicony/tytuł (NP)
    • Bonner Poetik-Vorlesung
    • v
    • Oznaczenie tomu (NP)
    • Bd. 2
    • 9
    • KHW
    • 484071
500 -Uwaga ogólna [ , ]
    • a
    • Uwaga ogólna (NP)
    • W copyright 1996.
504 -Uwaga dot. bibliogr. załącznikowej [ , ]
    • a
    • Uwaga dot. bibliografii załącznikowej
    • Bibliografia na stronie 61.
655 -Hasło w funkcji tematu formalnego [ ,7]
    • a
    • Hasło
    • Eseje niemieckie
    • y
    • Określnik chronologiczny
    • 1990-.
    • 2
    • Źródło terminu
    • kaba
    • 9
    • KHW
    • 457243
710 -Hasło dodatkowe - nazwa ciała zbiorowego [2, ]
    • a
    • Nazwa ciała zbiorowego lub nazwa geograficzna jako pierwszy element (NP)
    • Wallstein Verlag.
    • e
    • Rodzaj współpracy
    • Wydawca
    • 4
    • Kod relacji
    • pbl
    • 9
    • KHW
    • 421664
920 -ISBN [ , ]
    • a
    • ISBN
    • 978-3-8353-0650-9 Find
Sygnatura Numer inwentarzowy Status udost. Data inwentaryzacji Lokalizacja
Germ. Eseje 18BC.12426-32019-03-14BM